| Tag |
First Indicator |
Second Indicator |
Subfields |
| LEADER |
00000cam a22000008a 4500 |
| 001 |
in00000024667 |
| 005 |
20151007054348.0 |
| 008 |
870312s1987 nyua 00110 eng |
| 010 |
|
|
|a 87001147
|
| 020 |
|
|
|a 0896597660
|
| 035 |
|
|
|a (OCoLC)15409672
|
| 035 |
|
|
|9 AAB4809AM
|
| 040 |
|
|
|a DLC
|c DLC
|d m/c
|d TXA
|d UtOrBLW
|
| 043 |
|
|
|a e-ur---
|
| 049 |
|
|
|a TXAM
|c [A11073071]
|
| 050 |
0 |
0 |
|a NC998.6.S65
|b A5 1987
|
| 082 |
0 |
|
|a 741.6/0947
|2 19
|
| 100 |
1 |
|
|a Anikst, Mikhail.
|
| 245 |
1 |
0 |
|a Soviet commercial design of the '20s /
|c edited and designed by Mikhail Anikst ; introduction and texts by Elena Chernevich ; English edition translated and edited by Catherine Cooke ; researched by M. Baburina.
|
| 263 |
|
|
|a 8710
|
| 264 |
|
1 |
|a New York :
|b Abbeville Press,
|c [1987]
|
| 264 |
|
4 |
|c ©1987
|
| 300 |
|
|
|a 144 pages :
|b illustrations (some color)
|
| 336 |
|
|
|a text
|b txt
|2 rdacontent
|
| 337 |
|
|
|a unmediated
|b n
|2 rdamedia
|
| 338 |
|
|
|a volume
|b nc
|2 rdacarrier
|
| 500 |
|
|
|a Includes index.
|
| 650 |
|
0 |
|a Commercial art
|z Soviet Union
|x History
|y 20th century.
|
| 999 |
|
|
|a MARS
|
| 999 |
f |
f |
|s 0aacb559-cbf7-3252-9ec9-5019488eea4f
|i bf116525-e300-380e-bdaa-e48042eb3501
|t 0
|
| 952 |
f |
f |
|p ric
|a Texas A&M University
|b Rellis Campus
|c Joint Library Facility
|d Remote Storage
|t 0
|e NC998.6.S65 A5 1987
|h Library of Congress classification
|i unmediated -- volume
|m A14811073071
|
| 998 |
f |
f |
|a NC998.6.S65 A5 1987
|t 0
|l Remote Storage
|